01271nam a2200229 u 450000100070000000500170000700800410002402000150006503500110008003500210009104000130011204100080012508200080013310000930014124500530023425000170028726000420030430000190034650506160036565000150098165000450099610626420260506081618.0961004s1996 spa  a9586145115 a106264 a(OCoLC)432381581 ccomduadb aspa 4a07010aRestrepo, Javier Darío,d1932-20194aut0(isni)ISNI - 0000 0001 2110(viaf)167521eaut10aTestigo de seis guerras(cartas a María José) a1. edición aBogotá :bEditorial Planeta,c1996. a374 páginas. aCONTENIDO : PRIMERA CARTA: El perro cazador. -- I: Nicaragua: El día en que nació un nuevo país. -- SEGUNDA CARTA: El arsenal. -- II: El Salvador: Funeral al medio día. -- TERCERA CARTA: El camino minado. -- III: Honduras: Entre dos fuegos. -- CUARTA CARTA: Los rostros de bronces. -- IV: Guatemala: Una revolución templada con fuego. -- QUINTA CARTA: Los héroes bellacos. -- V: Argentina: La guerra de los dos meses. -- SEXTA CARTA: Patrias de la muerte y de la vida. -- VI: Israel y Líbano: Bajo el signo de la espada. -- CARTA DESDE COLOMBIA: VII: Colombia: entre cuatro fuegos. -- CARTA FINAL. aCrónicas aRestrepo, Javier Dario - Correspondencia